Don’t Forget You Love Me - Calum Hood - All Lyrics - Statistics

General Stats
  • This quiz has been taken 18 times
  • The average score is 269 of 307
Answer Stats
Answer % Correct
a
100%
And
100%
don't
100%
Don't
100%
(Don't)
100%
ever
100%
Every
100%
I
100%
it
100%
me
100%
me,
100%
me)
100%
me),
100%
my
100%
my,
100%
oh,
100%
on
100%
the
100%
to
100%
To
100%
you
100%
(You)
100%
a.m.
94%
as
94%
be
94%
If
94%
if
94%
I'm
94%
it's
94%
never
94%
No,
94%
No
94%
out
94%
there
94%
want
94%
alive
88%
call
88%
crying
88%
Everything,
88%
everything
88%
everything,
88%
eyes
88%
for
88%
(For)
88%
forget
88%
in
88%
I've
88%
know
88%
looking
88%
love
88%
Love
88%
(Love
88%
not
88%
of
88%
rain
88%
same
88%
see
88%
sitting
88%
taco
88%
that
88%
Tuesday
88%
what
88%
What
88%
window
88%
wondering
88%
you'll
88%
12
81%
'Cause
81%
'Cause,
81%
could
81%
everywhere,
81%
everywhere
81%
hard
81%
pick
81%
scared
81%
staring
81%
thought
81%
through
81%
time
81%
up
81%
was
81%
was?
81%
with
81%
would
81%
all
75%
begging
75%
But
75%
but
75%
did
75%
enough
75%
night
75%
own
75%
really
75%
right
75%
standing
75%
tried
75%
version
75%
wasting
75%
Wasting
75%
wrong
75%
fight
69%
God
69%
Instead
69%
last
69%
looked
69%
mind
69%
should've
69%
swear
69%
us
69%
wasn't?
69%
wasn't
69%
baby,
63%
been
63%
done
63%
get
63%
(Get)
63%
make
63%
Couldn't
56%
down
50%
life
50%
dreaming
44%
running
44%
street,
44%
While
13%
evеrything
0%
havе
0%
No matching quizzes found
Score Distribution
Percent of People with Each Score
Percentile by Number Answered
Your Score History
You have not taken this quiz